Penetrácia internetu v CEE regióne rastie
Najvyššie využitie internetu v regióne strednej a východnej Európy má Estónsko (až 50 percent populácie). Penetrácia verzus intenzita využívania internetu. Prístup na internet v domácnostiach krajín strednej a východnej Európy. Momentálna situácia vo využívaní internetu.
Guardado en:
| Formato: | Capítulo de libro |
|---|---|
| Lenguaje: | eslovaco |
| Materias: | |
| Etiquetas: |
Sin Etiquetas, Sea el primero en etiquetar este registro!
|
MARC
| LEADER | 00000naa$a2200000$$$4500 | ||
|---|---|---|---|
| 001 | 0093585 | ||
| 005 | 20231109065722.6 | ||
| 041 | 0 | |a slo | |
| 044 | |a SK | ||
| 245 | 1 | 0 | |a Penetrácia internetu v CEE regióne rastie |
| 520 | |a Najvyššie využitie internetu v regióne strednej a východnej Európy má Estónsko (až 50 percent populácie). Penetrácia verzus intenzita využívania internetu. Prístup na internet v domácnostiach krajín strednej a východnej Európy. Momentálna situácia vo využívaní internetu. | ||
| 610 | 2 | 0 | |a internet |
| 610 | 2 | 0 | |a domácnosti |
| 610 | 2 | 0 | |a stredná Európa |
| 610 | 2 | 0 | |a východná Európa |